000 00946nam a22003137a 4500
001 BR6006094
003 BR-BrBNA
005 20230928083238.0
007 ta
008 230509b bl.||||| |||| 00| 0 por d
040 _aBR-BrBNA
_bpor
_cBiblioteca Nacional de Agricultura
041 _a(Por)
072 _aE10
_b/G514
090 _ E10 BR6006094
100 1 _aBarbosa, S.C.
110 1 _aUniversidade Federal de Vicosa, MG (Brasil)
_0Tese (Magister Scientiae)
245 1 _aCombinacao de exploracoes e rentabilidade em pequenos estabelecimentos agropecuarios do Municipio de Vicosa, Minas Gerais, 1971/1972 [Brasil]
260 3 _aVicosa, MG (Brasil):
_c1972.
300 _a159 p.
500 _a34 ref.; Summary (Por)
650 _aEmpresa rural
650 _aAgricultura
650 _aPecuaria
650 _aMao-de-obra
650 _aVicosa
650 _aMinas Gerais
909 _a202309
_bLucia
_c55
_dLucia Elande
942 _cBK
999 _c12361
_d12361